02308cam a22005534i 4500003000900000005001700009008004100026020001800067020001500085035002000100040003300120082001900153100004900172245012400221264003000345300005500375336002100430337002500451338002300476504003500499505023500534526001000769526001000779526000900789526000900798526000900807526000900816526000900825526000900834526000800843526000800851526000800859526000800867526000800875526000800883526000800891526000800899650001800907650001900925700004000944700003800984596000601022942001401028999016201042999015101204980005501355952017201410952017201582PE-LiUPU20250731180107.0170609s2015 mx r 000 0 spa d a9786077440956 a6077440957 a(Sirsi) a204331 aPE-LiUPUbspacPE-LiUPUerda04a519.5bS242231 aSánchez Sánchez, Ernesto Alonso,eautor.10aProbabilidad y estadística 1 /cErnesto Alonso Sánchez Sánchez, Santiago Inzunza Cazares, Roberto Ávila Antuna. 1aMéxico :bAlafi,c2015. a165 páginas :bilustraciones ;c27 centímetros atext2rdacontent aunmediated2rdamedia avolume2rdacarrier aBibliografía : página 165.0 aComprende y describres la variabilidad estadística y sus aplicaciones -- Describes y representas datos de forma tabular y gráfica -- Aplicas la estadística descriptiva -- Analizas la teoría de conjuntos y sus aplicaciones. aSEG44 aSEG26 aP159 aP155 aP154 aP153 aP150 aP100 aP31 aP30 aP26 aP25 aP24 aP22 aP15 aP1004aProbabilidad.04aEstadística.1 aInzunza Cazares, Santiago,e autor.1 aÁvila Antuna, Roberto,e autor. a1 2ddccBOOK a519.5 S24wDEWEYc20698i76134f2021-11-5g4lCCODEBUL1mBULp9.79r0sYtBOOKu2017-6-9xFCEPP040COMPRAo.STAFF. Colección Ciencias Empresarialesd20698 a519.5 S24wDEWEYc2i76135f2021-11-5g4lCCODEBUL1mBULp9.79r0sYtBOOKu2017-6-9xFCEPP040COMPRAo.STAFF. Colección Ciencias Empresariales 81gALBERTO SANCHEZ Responsable de Automatización r2025-12-02 00:00:00i5l0o519.5 S24p76134te1v14.79w2017-06-09xFACIHEDyBKzinventario-2023-12-13102ddc50708GENfP15aBULbBULcGENd2017-06-09eCOMPRAg9.79 r2025-12-02 00:00:00i5l0o519.5 S24p76135te2v14.79w2017-06-09xFACIHEDyBKzinventario-2023-12-13102ddc50708GENfP15aBULbBULcGENd2017-06-09eCOMPRAg9.79